| 000 | 00905nam a22002417a 4500 | ||
|---|---|---|---|
| 003 | OSt | ||
| 005 | 20141014213002.0 | ||
| 008 | 141014b xxu||||| |||| 00| 0 eng d | ||
| 020 | _a978-607-442-285-6 | ||
| 040 | _cBMC | ||
| 082 | _a658.3 | ||
| 100 | 1 |
_aDessler, Gary _911266 |
|
| 245 | 1 | 0 |
_aAdministración de recursos humanos _cGary Dessler ; traducción, Leticia Esther Pineda Ayala; revisión técnica, Ricardo Varela Juárez, Christina Huerta Sobrino, José Luis Rodríguez Tepezano. |
| 250 | _a11ª ed | ||
| 260 |
_aMéxico D.F. [etc.] _bPearson Educación _c2009 |
||
| 300 |
_aXXVIII, 801 p. _c27 cm. |
||
| 650 | 2 | 4 |
_aGestión de recursos humanos _95702 |
| 700 | 1 |
_95262 _aPineda Ayala, Leticia Esther |
|
| 700 | 1 |
_920992 _aVarela Juárez, Ricardo Alfredo |
|
| 700 | 1 |
_98530 _aRodriguez Tepezano, José Luís |
|
| 700 | 1 |
_926653 _aHuerta Sobrino, María Cristina |
|
| 942 |
_2ddc _cBK _hahoj |
||
| 999 |
_c14644 _d14644 |
||